Allgemeinwissen-Quiz #19 - Statistiken

Allgemein
  • Dieses Quiz wurde 128 mal gespielt
  • Das Durchschnittsergebnis liegt bei 12 aus 20
Antwortstatistiken
Frage Antwort % Korrekt
Worum handelt es sich sozusagen, wenn der Orca seine Artgenossen hintergeht? Walbetrug
93%
Welches ist das grösste Bundesland in Deutschland (nach Fläche)? Bayern
84%
Welche Gruppe hatte 1977 einen Hit mit "Stayin' Alive"? Bee Gees
76%
Welche Sängerin hatte einen Hit mit "Firework"? Katy Perry
76%
Wer sang den Song "Wrecking Ball"?
75%
Wie heisst die Hauptstadt von Vietnam? Hanoi
75%
Welche dieser Filmfiguren stammt nicht aus dem Star-Wars-Universum?
74%
Für wen gehören die Wörter Molasse, Flysch und Nagelfluh zum Fachvokabular? Geologe
70%
Wie sieht die Flagge von Palau aus?
68%
Wie heisst der Rapper "Eminem" mit bürgerlichem Namen? Marshall Mathers
68%
Welcher Planet ist von der Erde aus nicht mit blossem Auge erkennbar? Uranus
63%
Was bedeutet die Abkürzung ETH in "ETH Zürich"? Eidgenössische Technische Hochschule
56%
Für welches Formel-1-Team fährt Lewis Hamilton in der Saison 2025? Ferrari
56%
Welche DFB-Pokal-Begegnung 2004 wurde von Skandal-Schiri Robert Hoyzer manipuliert? Paderborn – Hamburger SV
51%
Wie lautet die gebräuchliche Abkürzung des Internationalen Schachverbandes? FIDE
48%
Wie viele Grand-Slam-Titel gewann Roger Federer in seiner Tenniskarriere? 20
46%
Welcher dieser Stoffe ist heutzutage zumindest meistens vegan? Satin
43%
Wer entschied im Streit zwischen Hera, Aphrodite und Athene, wer den goldenen Apfel "für die Schönste" bekommt? Paris
39%
Wie heisst der enge Freund von Achilles, dessen Tod ihn zum Kampf gegen Hektor bewegt? Patroklos
27%
Welches Jubiläum feiert Nintendo im Jahr 2025? 135
10%
Keine übereinstimmenden Quizze gefunden
Verteilung der Resultate
Anzahl Personen mit jedem Resultat
Perzentil nach korrekt beantworteten Fragen
Ihre Resultats-Entwicklung
Sie haben dieses Quiz noch nicht gespielt